000
00276nam a2200109Ia 4500
005
20251222141854.0
008
251222s9999||||xx |||||||||||||| ||spa||
082
_a
324.985/A81C
245
0
_a
Cinco Años, Tres Discursos
264
_b
Asociación Civil Transparencia
942
_c
LIB
999
_c
7842
_d
7842